000 00842nam a22002657a 4500
001 6246
003 FISKH
005 20260305141543.0
008 250404b cb ||||| |||| 00| 0 eng d
020 _a9781740898300
040 _aFISKH
_beng
_cFISKH
_dFISKH
050 _aPZ7
082 _a910
100 _aRyan, Denise
245 _aTop readers:
_bDeserts /
_cDenise Ryan
260 _aSydney :
_bWeldon Owen,
_c2008.
300 _a32 pages :
_bcolor illustrations ;
_c23 cm
505 _aJ
520 _aDeserts are the driest places on Earth. Have you ever seen one? Deserts are very hot during the day but col at night. These harsh places are home to many creatures, and some people, too.
521 8 _a430
_bLexile estimate
521 8 _aJ
_bRaz-Plus
650 _aDesert
942 _2ddc
_cBK
_n0
999 _c6246
_d6246